Missing Word: 1990s Horror Movies Quiz Stats

 Plays Quiz Updated Oct 23, 2017

Challenge
Share
Tweet
Embed
Score 0/20 Timer 03:00
2 Plays Today
Movie Missing Word % Correct
I Know What ____ Did Last SummerYou
95.8%
The ____ Witch Project Blair
95.8%
The Sixth ____Sense
95.1%
____ the Vampire SlayerBuffy
94.5%
From ____ Till Dawn Dusk
94.3%
Interview with the ____Vampire
91.9%
Jacob's ____Ladder
89%
The People Under the ____Stairs
61.6%
Event ____Horizon
58.4%
Needful ____Things
55.9%
Movie Missing Word % Correct
Stir of ____Echoes
45.5%
Bordello of ____Blood
37.7%
____ of DarknessArmy
35.2%
The ____ HalfDark
32.1%
____ LegendUrban
27.1%
In the ____ of MadnessMouth
25.9%
Two ____ EyesEvil
22.8%
____ of Illusions Lord
15%
Cemetery ____Man
14%
Pinocchio's ____Revenge
13.1%

Today's Daily Dose

You're not logged in!

Compare scores with friends on all Sporcle quizzes.
Join for Free
OR
Log In

You Might Also Like...

Show Comments

Extras

Top Quizzes Today


Score Distribution

Your Account Isn't Verified!

In order to create a playlist on Sporcle, you need to verify the email address you used during registration. Go to your Sporcle Settings to finish the process.

Report this User

Report this user for behavior that violates our Community Guidelines.

Details: